Farming fish in open ponds.

An introduction to preparing ponds, stocking newly hatched fish and fingerlings, feeding fish, managing water quality and harvesting and packing market-size fish

Language:English
Published: Fish Vet.
Subjects:
LEADER 00763cam a2200193 7i4500
001 0000052492
005 20111220090000.0
008 111220 v eng
090 0 0 |a SH 157.85 .F52   |b F3 
245 0 0 |a Farming fish in open ponds. 
260 0 0 |a Fish Vet. 
300 |a 1 videocassette (24 min.):   |b sd., col.;   |c 1/2 in.. 
520 0 0 |a An introduction to preparing ponds, stocking newly hatched fish and fingerlings, feeding fish, managing water quality and harvesting and packing market-size fish 
538 0 0 |a VHS 
650 0 0 |a Fish-culture  
650 0 0 |a Aquaculture  
650 0 0 |a Fish ponds  
999 |a 1100045299  |b Video  |c Bahan Sumber Media  |e BILIK BAHAN SUMBER MEDIA 
999 |a 1100047073  |b Video Compact Disc  |c Bahan Sumber Media  |e BILIK BAHAN SUMBER MEDIA